Những khúc ca cầu trường thọ của Bụt ngạn
Giới thiệu khái quát về người Tày ở Cao Bằng; cầu trường thọ. Những khúc ca trong lễ cầu vía, cầu trường thọ của người Tày
Đã lưu trong:
| Tác giả chính: | |
|---|---|
| Định dạng: | Sách |
| Năm xuất bản: |
H.
Văn hoá dân tộc
2011
|
| Chủ đề: | |
| Tags: |
Thêm thẻ
Không có thẻ, Hãy là người đầu tiên gắn thẻ bản ghi này!
|
| LEADER | 00810nam a2200181 4500 | ||
|---|---|---|---|
| 082 | |a 398.41 |b TR309TH | ||
| 100 | |a Triệu Thị Mai | ||
| 245 | |a Những khúc ca cầu trường thọ của Bụt ngạn |c Triệu Thị Mai; Ma Văn Hàn | ||
| 260 | |a H. |b Văn hoá dân tộc |c 2011 | ||
| 300 | |a 599 tr. |c 21 cm | ||
| 520 | |a Giới thiệu khái quát về người Tày ở Cao Bằng; cầu trường thọ. Những khúc ca trong lễ cầu vía, cầu trường thọ của người Tày | ||
| 653 | |a Tín ngưỡng dân gian Việt Nam | ||
| 653 | |a Văn hóa dân gian | ||
| 653 | |a Dân tộc Tày | ||
| 653 | |a Cao Bằng | ||
| 942 | |2 ddc |c SH | ||
| 999 | |c 8051 |d 8051 | ||
| 952 | |0 0 |1 0 |2 ddc |4 0 |6 398_410000000000000_TR309TH |7 0 |8 300 |9 69140 |a qbu |b qbu |c D2 |d 2015-03-31 |o 398.41 TR309TH |p 7989.c1 |r 0000-00-00 |w 2015-03-31 |y SH | ||